| 000 | 00761cam a22002653a 4500 | ||
|---|---|---|---|
| 001 | 19353 | ||
| 003 | PGUSA | ||
| 005 | 20140828083417.0 | ||
| 008 | 060922s2006||||xxu|||||s|||||000 1 eng d | ||
| 040 |
_aPGUSA _beng |
||
| 042 | _adc | ||
| 050 | 4 | _aPS | |
| 100 | 1 |
_aCrosby, Ernest Howard, _d1856-1907 |
|
| 245 | 1 | 0 |
_aCaptain Jinks, Hero _h[electronic resource] / _cErnest Howard Crosby |
| 260 |
_bProject Gutenberg, _c2006 |
||
| 506 | _aPublic domain in the USA. | ||
| 516 | _aElectronic text | ||
| 653 | _aDidactic fiction | ||
| 653 | _aPolitical fiction | ||
| 653 | _aSocial problems -- Fiction | ||
| 700 | 1 |
_aBeard, Daniel Carter, _d1850-1941 |
|
| 830 | 0 |
_aProject Gutenberg _v19353 |
|
| 856 | 4 | 0 | _uhttp://www.gutenberg.org/ebooks/19353 |
| 942 | _cEB | ||
| 999 |
_c248608 _d248608 |
||